Recursos de sensibilització per la igualtat dona-home : mujeres en pie de guerra : documental, Espanya, 2004, 74 min. / de Susana Koska mujeres en pie de guerra :
Publicado:
Barcelona :
Diputació de Barcelona. Àrea d'Igualtat i Ciutadania. Oficina de Promoció de Polítiques d'Igualtat Dona-Home ,
2010
Descripción Física:
39 p. en una carpeta ; 29 cm + 1 DVD
MARC
| LEADER | 00000nam a2200000Ia 4500 | ||
|---|---|---|---|
| 001 | 23001 | ||
| 008 | 160829s2010 xx 000 0 cat d | ||
| 080 | |a FU-58-21 | ||
| 100 | |a Koska, Susana |9 46188 | ||
| 245 | |a Recursos de sensibilització per la igualtat dona-home : |b mujeres en pie de guerra : |b documental, Espanya, 2004, 74 min. / de Susana Koska | ||
| 260 | |a Barcelona : |b Diputació de Barcelona. Àrea d'Igualtat i Ciutadania. Oficina de Promoció de Polítiques d'Igualtat Dona-Home, |c 2010 | ||
| 300 | |a 39 p. en una carpeta ; |c 29 cm + 1 DVD | ||
| 590 | |a Bibliografia. El DVD és el documental | ||
| 650 | 0 | |a Igualtat entre els sexes |x Barcelona (Catalunya : Província) |9 46189 | |
| 710 | 1 | |a Barcelona (Catalunya : Província). |b Oficina de Promoció de Polítiques d'Igualtat Dona-Home |9 54960 | |
| 901 | |a Arxiu | ||
| 942 | |n 1 | ||
| 952 | |0 0 |1 0 |4 0 |6 FU5821 |7 1 |9 53058 |a Arxiu |b Arxiu |d 2016-12-01 |l 0 |o FU-58-21 |p 23001 |r 2016-12-01 00:00:00 |w 2016-12-01 |y ARXIU | ||
| 999 | |c 56907 |d 56907 | ||